ARRUPE JESUIT UNIVERSITY

CORONAVIRUS -STOP THE SPREAD - CLEAN,DISINFECT,COVER

Chisungu : (Record no. 127419)

MARC details
000 -LEADER
fixed length control field 01155pam a2200313 a 4500
001 - CONTROL NUMBER
control field 4680134
003 - CONTROL NUMBER IDENTIFIER
control field ARRUPE
005 - DATE AND TIME OF LATEST TRANSACTION
control field 20180117105825.0
008 - FIXED-LENGTH DATA ELEMENTS--GENERAL INFORMATION
fixed length control field 820120r19821956enkaf b 001 0 eng
010 ## - LIBRARY OF CONGRESS CONTROL NUMBER
LC control number 81022592
020 ## - INTERNATIONAL STANDARD BOOK NUMBER
International Standard Book Number 0422780707 (pbk.) :
Terms of availability $8.00 (est. : U.S.)
040 ## - CATALOGING SOURCE
Original cataloging agency DLC
Transcribing agency DLC
Modifying agency DLC
043 ## - GEOGRAPHIC AREA CODE
Geographic area code f-za---
050 00 - LIBRARY OF CONGRESS CALL NUMBER
Classification number GN483
Item number .R46 1982
082 00 - DEWEY DECIMAL CLASSIFICATION NUMBER
Classification number 305.8/96306894
Edition number 19
300 ## - PHYSICAL DESCRIPTION
Other physical details ill. ;
Dimensions 22 cm.
100 1# - MAIN ENTRY--PERSONAL NAME
Personal name Richards, Audrey I.
Fuller form of name (Audrey Isabel),
Dates associated with a name 1899-1984.
9 (RLIN) 38562
245 10 - TITLE STATEMENT
Title Chisungu :
Remainder of title a girls' initiation ceremony among the Bemba of Zambia /
Statement of responsibility, etc Audrey I. Richards ; introduction by Jean La Fontaine.
250 ## - EDITION STATEMENT
Edition statement 2nd ed.
260 ## - PUBLICATION, DISTRIBUTION, ETC. (IMPRINT)
Place of publication, distribution, etc London ;
-- New York :
Name of publisher, distributor, etc Tavistock,
Date of publication, distribution, etc 1982.
300 ## - PHYSICAL DESCRIPTION
Extent xl, 224 p., [14] p. of plates :
440 #0 - SERIES STATEMENT/ADDED ENTRY--TITLE
Title Social science paperback
9 (RLIN) 38563
500 ## - GENERAL NOTE
General note Reprint. Originally published: London : Faber and Faber, 1956.
500 ## - GENERAL NOTE
General note Includes index.
504 ## - BIBLIOGRAPHY, ETC. NOTE
Bibliography, etc Bibliography: p. 213-216.
650 #0 - SUBJECT ADDED ENTRY--TOPICAL TERM
Topical term or geographic name as entry element Bemba (African people)
9 (RLIN) 38046
650 #0 - SUBJECT ADDED ENTRY--TOPICAL TERM
Topical term or geographic name as entry element Initiation (in religion etc.)
Geographic subdivision Zambia.
9 (RLIN) 38564
830 #0 - SERIES ADDED ENTRY--UNIFORM TITLE
Uniform title Social science paperbacks.
9 (RLIN) 38565
906 ## - LOCAL DATA ELEMENT F, LDF (RLIN)
a 7
b cbc
c orignew
d 1
e ocip
f 19
g y-gencatlg
942 ## - ADDED ENTRY ELEMENTS (KOHA)
Source of classification or shelving scheme Library of Congress Classification
Koha item type Monograph ( Printed materials)
Holdings
Withdrawn status Lost status Source of classification or shelving scheme Damaged status Not for loan Collection code Home library Current library Shelving location Date acquired Total Checkouts Full call number Barcode Date last seen Price effective from Koha item type
    Library of Congress Classification     Main Collection ARRUPE LIBRARY ARRUPE LIBRARY Main Collection 17/01/2018   GN483 .R46 1982 46600000892 17/01/2018 17/01/2018 Monograph ( Printed materials)

 

Arrupe Library. PO Box MP320 Mt Pleasant, Harare, Zimbabwe
263 242 745411|librarian@aju.ac.zw